000 00971nam0a22002771 4500
001 rc\1105565
005 20250622150457.0
035 _a(NLR Aleph) 006350392
090 _a4795262
_c4795262
100 _a20041126d1982 |||y0rusy50 ca
101 0 _arus
102 _aRU
105 _aa |||||||||
200 1 _aСпин - флиппер для плавного изменения степени поляризации нейтронов
_fМ.И. Булгаков, А.Д. Гулько, С.С. Тростин
210 _aМ.
_cИТЭФ
_d1982
215 _a38 с.
_cил.
_d21
225 1 _aПрепринт
_fИн-т теорет. и эксперим. физики
_vИТЭФ-141
320 _aБиблиогр.: с. 37-38 (18 назв.)
700 1 _aБулгаков
_bМ.И.
701 1 _aГулько
_bА.Д.
701 1 _aТростин
_bС.С.
801 0 _aRU
_bNLR
_gpsbo
801 1 _aRU
_bELAR
_2rusmarc
852 _aNLR
_j83-4/8703
942 _cBOOK
980 _aNB